Normal view
MARC view
Entry Término temático
001 - NÚMERO DE CONTROL
- campo de control: 139032
003 - IDENTIFICADOR DEL NÚMERO DE CONTROL
- campo de control: OSt
005 - FECHA Y HORA DE LA ÚLTIMA TRANSACCIÓN
- campo de control: 20220127155908.0
008 - DATOS DE LONGITUD FIJA
- campo de control de longitud fija: 220127|| aca||aabn | a|a d
040 ## - FUENTE DE LA CATALOGACIÓN
- Centro catalogador/agencia de origen: OSt
- Centro/agencia transcriptor: OSt
150 ## - ENCABEZAMIENTO--TÉRMINO DE MATERIA
- Término de materia o nombre geográfico como elemento de entrada: Ganado vacuno
- Subdivisión general: Nutrición I. UACH. Departamento de Zootecnia II. t
670 ## - FUENTE DE DATOS ENCONTRADOS
- Cita de la fuente: Work cat.: (OSt)165013: Ramos Santos, Miguel Angel 94495, Diagnóstico mineral del ganado bovino en el oriente de Yucatán I. contenido mineral en suelo, forraje, agua y suplementos /, 1996
